Zgadnij celebrytę po zdjęciu #4 - Statystyki

Ogólne statystyki
  • Ten quiz został rozwiązany 74 razy
  • Średni wynik to 10 z 16
Statystyki odpowiedzi
Obrazkowy Odpowiedź % Poprawnych
Ariana Grande
92%
Justin Bieber
92%
Lady Gaga
86%
Dwayne Johnson
73%
Katy Perry
71%
Emma Stone
68%
Ryan Gosling
68%
Natalie Portman
62%
Cameron Diaz
57%
Chris Pratt
51%
Chris Hemsworth
49%
Bradley Cooper
48%
Chris Evans
44%
Michael Phelps
38%
Sofia Vergara
38%
Benedict Cumberbatch
37%
Nie znaleziono quizów pasujących do podanych kryteriów
Rozkład punktacji
Procent ludzi z każdym wynikiem
Percentyl według liczby udzielonych odpowiedzi
Twoja historia wyników
Nie rozwiązałeś tego quizu